Casilda /

Guardado en:
Autor Principal: Villa, Benigno
Formato: Libro
Publicado: Paraguay : Juvi, 1958
Series:Teatro; No. 1
Materias:
Etiquetas: Agregar Etiqueta
Sin Etiquetas, Sea el primero en etiquetar este registro!
LEADER 00590nam a22002175a 4500
001 CEM.cems006568
005 20100922131619.0
008 130507s1958##################000#0#####d
003 CEMS
082 0 4 |a Pa862.4 
100 1 |a Villa, Benigno 
245 1 0 |a Casilda /  |c Benigno Villa 
260 |a Paraguay :  |b Juvi,  |c 1958 
300 |a 46 p. 
490 0 |a Teatro; No. 1 
653 |a Literatura 
653 |a Literatura hispanoamericana 
653 |a Teatro 
653 |a Teatro paraguayo-siglo 20 
653 |a Literatura paraguaya 
859 |a CEMS  |b BIB. CEMS - 11 de abril  |h Pa862.4  |i V711  |p 11628.74  |t Ej.1